A Technology assessment of biotechnology in Ghana. (Record no. 15347)
[ view plain ]
| 000 -LEADER | |
|---|---|
| fixed length control field | 00608nam a22001932 4500 |
| 001 - CONTROL NUMBER | |
| control field | 0000005266 |
| 005 - DATE AND TIME OF LATEST TRANSACTION | |
| control field | 20151217161556.0 |
| 008 - FIXED-LENGTH DATA ELEMENTS--GENERAL INFORMATION | |
| fixed length control field | 070611s xx 000 0 eng d |
| 040 ## - CATALOGING SOURCE | |
| Original cataloging agency | KABU |
| Transcribing agency | KABU |
| 050 #0 - LIBRARY OF CONGRESS CALL NUMBER | |
| Classification number | TP248.19 |
| Item number | .G43S76 |
| 100 1# - MAIN ENTRY--PERSONAL NAME | |
| Personal name | Stokes, Kathryn. |
| -- | 0000156467 |
| 245 12 - TITLE STATEMENT | |
| Title | A Technology assessment of biotechnology in Ghana. |
| 300 ## - PHYSICAL DESCRIPTION | |
| Extent | ix, 368 leaves. |
| 502 ## - DISSERTATION NOTE | |
| Dissertation note | Thesis (Ph.D) - University of Strathclycle, 2003. |
| 650 #0 - SUBJECT ADDED ENTRY--TOPICAL TERM | |
| Topical term or geographic name as entry element | Biotechnology |
| Geographic subdivision | Ghana. |
| -- | 0000156468 |
| 908 ## - PUT COMMAND PARAMETER (RLIN) | |
| Put command parameter | 070611 |
| 950 ## - LOCAL HOLDINGS (RLIN) | |
| -- | 1 |
| Withdrawn status | Lost status | Source of classification or shelving scheme | Not for loan | Home library | Current library | Date acquired | Total Checkouts | Full call number | Barcode | Date last seen | Price effective from | Koha item type |
|---|---|---|---|---|---|---|---|---|---|---|---|---|
| Library of Congress Classification | Kabarak, Main Campus | Kabarak, Main Campus | 17/12/2015 | TP248.19 .G43S76 | 004321 | 17/12/2015 | 17/12/2015 | Thesis, Dissertation and Projecs |